banner koha

Estudo etiológico de abscessos mamários em vacas leiteiras e utilização do hipoclorito de sódio a 1 por cento no tratamento pós-operatório (Registro n. 177236)

MARC details
000 -LÍDER
campo de controle de tamanho fixo 01002nas a2200337 4500
001 - NÚMERO DE CONTROLE
campo de controle BR0400262
003 - IDENTIFICADOR DO NÚMERO DE CONTROLE
campo de controle BR-BrBNA
005 - DATA E HORÁRIO DA ÚLTIMA TRANSAÇÃO
campo de controle 20231205104247.0
007 - CAMPO FIXO DE DESCRIÇÃO FÍSICA--INFORMAÇÃO GERAL
campo de controle de tamanho fixo ta
008 - CAMPO DE DADOS FIXOS--INFORMAÇÃO GERAL
campo de controle de tamanho fixo 230509b bl.|||p| |||| 00| 00por d
040 ## - FONTE DA CATALOGAÇÃO
Instituição da catalogação original BR-BrBNA
Idioma da catalogação por
Instituição que transcreveu o registro Biblioteca Nacional de Agricultura
041 ## - CÓDIGO DE IDIOMA
Código do idioma do texto/trilha sonora ou título diferente (Pt)
072 ## - CÓDIGO DE CATEGORIA DE ASSUNTO
Código de Categoria de Assunto L70; L73
100 1# - ENTRADA PRINCIPAL--NOME PESSOAL
Nome pessoal Silva, L.A.F.
100 1# - ENTRADA PRINCIPAL--NOME PESSOAL
Nome pessoal Coelho, K.O.
100 1# - ENTRADA PRINCIPAL--NOME PESSOAL
Nome pessoal Bueno, V.F.F.
100 1# - ENTRADA PRINCIPAL--NOME PESSOAL
Nome pessoal Mesquita, A.J.
100 1# - ENTRADA PRINCIPAL--NOME PESSOAL
Nome pessoal Fioravanti, M.C.S.
100 1# - ENTRADA PRINCIPAL--NOME PESSOAL
Nome pessoal Nicolau, E.S.
100 1# - ENTRADA PRINCIPAL--NOME PESSOAL
Nome pessoal Castro, G.R.
245 1# - TÍTULO
Título Estudo etiológico de abscessos mamários em vacas leiteiras e utilização do hipoclorito de sódio a 1 por cento no tratamento pós-operatório
650 ## - ASSUNTO--TERMO TÓPICO
Cabeçalho tópico ou nome geográfico BOVINO
650 ## - ASSUNTO--TERMO TÓPICO
Cabeçalho tópico ou nome geográfico GLÂNDULA MAMÁRIA
650 ## - ASSUNTO--TERMO TÓPICO
Cabeçalho tópico ou nome geográfico ABSCESSO
650 ## - ASSUNTO--TERMO TÓPICO
Cabeçalho tópico ou nome geográfico CIRURGIA
650 ## - ASSUNTO--TERMO TÓPICO
Cabeçalho tópico ou nome geográfico MEDICAMENTO
650 ## - ASSUNTO--TERMO TÓPICO
Cabeçalho tópico ou nome geográfico MAMITE
773 0# - ENTRADA ANALÍTICA
Título Napgama (Brazil)
ISSN - International Standard Serial Number ISSN 1516-6384
Partes relacionadas (2002), v. 5(2) p. 7-11
Número de controle do registro BR0400262
909 ## -
-- 202311
-- Lúcia
-- 55
-- Lúcia Elande
942 ## - ELEMENTOS DE ENTRADA ADICIONADOS (KOHA)
Fonte da classificação ou esquema de arquivamento na estante Classificação AGRIS
Ocultar no OPAC Não
Tipo de material Koha Analítica
Exemplares
Situação do descarte Fonte da classificação ou esquema de arquivamento na estante Situação física Não pode ser emprestado Biblioteca de origem Biblioteca atual Localização na estante Enumeração do periódico / cronologia Total de empréstimos Data de último acesso Número do exemplar Tipo de material Koha Fonte de aquisição
  Classificação AGRIS   Consulta local Biblioteca Nacional de Agricultura - Binagri Biblioteca Nacional de Agricultura - Binagri   (2002), v. 5(2) p. 7-11   29/11/2023 01 Periódicos Portaria Interministerial nº 164/94

BINAGRI

Telefone: (61)3218-2567/2388/3357/2097 - binagri@agro.gov.br

Ministério da Agricultura e Pecuária , Esplanada dos Ministérios, Bloco D, Anexo B, Brasília/DF, CEP: 70.043-900